[Event "Floripa Chess Open 2024"]
[Site "Florianopolis"]
[Date "2024.01.23"]
[Round "5.119"]
[White "Ulrich, Henning"]
[Black "Justiniano Flores, Luis Fernando"]
[Result "0-1"]
[WhiteElo "1822"]
[BlackElo "1486"]
[PlyCount "137"]
[EventDate "2024.01.20"]
[EventRounds "10"]
[EventCountry "BRA"]

1. e4 c5 2. Nf3 e6 3. d4 cxd4 4. Nxd4 a6 5. Nc3 Qc7 6. Bd3 Nf6 7. Qe2 d6 8. Be3
Nbd7 ({RR} 8... b5 9. f4 Bb7 10. a3 Nbd7 11. O-O Be7 12. Kh1 O-O 13. Rf3 g6 14.
Raf1 Nc5 15. Bg1 e5 16. fxe5 dxe5 17. Nf5 gxf5 18. Rxf5 Nxd3 19. Qxd3 Ne8 20.
Qg3+ Ng7 21. Be3 Qd6 22. Rd1 Qg6 23. Rd7 {Jakubowski,K (2525)-Gajewski,G (2622)
Warsaw 2012 0-1 (34)}) 9. f3 $146 ({RR} 9. Nf3 b5 10. a3 Bb7 11. O-O Be7 12.
Rad1 O-O 13. Bd4 Nc5 14. Bxc5 dxc5 15. e5 Ng4 16. Rfe1 c4 17. Be4 Qb6 18. Bxb7
Nxf2 19. Qxf2 Bc5 20. Nd4 Rad8 21. Nce2 f6 22. Qf4 fxe5 23. Qxe5 Bxd4+ {
Seran,C-Montes Santos,L Zaragoza 1990 1-0 (34)}) ({RR} 9. O-O-O b5 10. a3 Bb7
11. Kb1 Rc8 12. f4 Be7 13. Bc1 Nb6 14. Rhf1 O-O 15. Rf3 Nc4 16. Rg3 Rfd8 17. b3
Qb6 18. Nf3 Nxa3+ 19. Bxa3 Rxc3 20. Bb2 b4 21. Nd2 d5 22. e5 Ne4 23. Bxe4 Rxg3
{Thorhallsson,T (2390)-Kristinsson,B (2166) Reykjavik ISL 2023 1/2-1/2 (42)}) (
{RR} 9. g4 Ne5 10. g5 Nfg4 11. Bd2 Nxd3+ 12. cxd3 Ne5 13. f4 Nc6 14. Nxc6 bxc6
15. O-O Be7 16. Rac1 Qd8 17. Be3 Rb8 18. Rc2 h6 19. g6 fxg6 20. Qg4 O-O 21.
Qxg6 Qe8 22. Qg3 Qh5 23. Rg2 Rf7 {Fuentes,R-Plump,D California 1993 0-1 (48)})
9... b5 10. g4 Ne5 11. g5 Nfd7 12. f4 Nc4 13. Bxc4 bxc4 14. O-O-O Bb7 15. f5
exf5 16. Nd5 Bxd5 17. exd5 Ne5 18. Bd2 g6 19. Nc6 Bg7 20. Bc3 O-O 21. Nd4 Rfe8
22. Qf2 Ng4 23. Qg1 Ne3 24. Ne6 fxe6 25. Qxe3 exd5 26. Qf3 Bxc3 27. Qxd5+ Qf7
28. bxc3 Rad8 29. h4 Qxd5 30. Rxd5 Re5 31. Rhd1 Rxd5 32. Rxd5 Kf7 33. Kd2 Ke6
34. Ra5 h6 35. gxh6 Rh8 36. Rxa6 Rxh6 37. a4 Rxh4 38. a5 Rh2+ 39. Kc1 Rh1+ 40.
Kb2 f4 41. Ra8 Rh5 42. a6 Ra5 43. a7 Kd5 44. Kc1 g5 45. Kd2 g4 46. Ke2 Ra2 47.
Kf1 g3 48. Rf8 Rxa7 49. Rxf4 Ra2 50. Rf3 Rxc2 51. Rxg3 Rd2 52. Rg5+ Ke4 53. Ke1
Rd3 54. Rg4+ Kd5 55. Rg5+ Kc6 56. Ke2 Rxc3 57. Kd2 Rd3+ 58. Kc2 d5 59. Rg8 Kc5
60. Rc8+ Kd4 61. Rd8 Re3 62. Kd2 Rh3 63. Kd1 Rh2 64. Rd7 c3 65. Rc7 Kd3 66. Ke1
d4 67. Rg7 Re2+ 68. Kd1 c2+ 69. Kc1 0-1

[Event "Floripa Chess Open 2024"]
[Site "Florianopolis"]
[Date "2024.01.23"]
[Round "5.120"]
[White "Grams, Leon Honke"]
[Black "Marques Junior, Marcos Antonio"]
[Result "0-1"]
[WhiteElo "1513"]
[BlackElo "1818"]
[PlyCount "58"]
[EventDate "2024.01.20"]
[EventRounds "10"]
[EventCountry "BRA"]

1. d4 d5 2. c4 e6 3. Nc3 c5 4. e3 Nf6 5. Nf3 Nc6 6. Be2 Be7 7. O-O O-O 8. cxd5
exd5 9. Ne5 ({RR} 9. Re1 Re8 10. b3 b6 11. Bb2 Bb7 12. Rc1 Ne4 13. Bb5 a6 14.
Bd3 Bf6 15. Bb1 Rc8 16. Nxe4 dxe4 17. Nd2 Nb4 18. a3 Nd3 19. Bxd3 exd3 20. Nf3
Bxf3 21. gxf3 Qd5 22. Ba1 Re6 23. e4 Qg5+ {Hernandez Figueroa,M-Fuxz,D (1831)
Buenos Aires ARG 2023 0-1 (48)}) 9... a6 $146 ({RR} 9... Re8 10. Bb5 Bd7 11. f4
cxd4 12. exd4 Rc8 13. Kh1 a6 14. Be2 Bf5 15. Bf3 Bb4 16. g4 Bxc3 17. bxc3 Be4
18. g5 Bxf3+ 19. Qxf3 Ne4 20. Ng4 Na5 21. Rg1 Kh8 22. Ne5 Qe7 23. f5 Rxc3 24.
Qf4 {Hruby,V-Mackenzie,G Vienna 1882 0-1 (34)}) ({RR} 9... Re8 10. Bf3 h6 11.
Nxc6 bxc6 12. dxc5 Bxc5 13. Qc2 Bd6 14. b3 Bg4 15. Bb2 Bxf3 16. gxf3 Qd7 17.
Ne2 Qh3 18. Ng3 Re6 19. Qf5 Qh4 20. Kg2 Rae8 21. Rfd1 Be5 22. Bxe5 Rxe5 23. Qc2
Qb4 24. Qxc6 {Nutu Gajic,D-Csonkics,T (2150) Valetta 1980 1-0 (31)}) 10. Kh1
Qc7 11. f4 Bf5 12. Bf3 Be4 13. g4 cxd4 14. exd4 Bxf3+ 15. Rxf3 Rad8 16. Rh3 Qc8
17. Qd3 g6 18. g5 Ne4 19. Rf3 Qf5 20. Kg2 Bb4 21. h3 Ne7 22. Ng4 Qe6 23. Bd2
Bxc3 24. Bxc3 Nf5 25. Kh2 Qd6 26. Re1 Rfe8 27. Rxe4 dxe4 28. Nf6+ Qxf6 29. Qd1
exf3 0-1

[Event "Floripa Chess Open 2024"]
[Site "Florianopolis"]
[Date "2024.01.23"]
[Round "5.121"]
[White "Menezes, Jose Eduardo Carnei"]
[Black "Guerreiro, Heitor Koffermann"]
[Result "1-0"]
[WhiteElo "1813"]
[BlackElo "1467"]
[PlyCount "124"]
[EventDate "2024.01.20"]
[EventRounds "10"]
[EventCountry "BRA"]

1. e4 {Bangiev,A} e5 2. f4 Bc5 3. Nf3 d6 4. c3 Nf6 5. d4 exd4 6. cxd4 Bb4+ 7.
Bd2 Bxd2+ 8. Nbxd2 Nc6 ({RR} 8... Qe7 9. Bd3 ({RR} 9. Qe2 O-O 10. e5 Nd5 11.
Qe4 c6 12. Bc4 ({RR} 12. f5 Nd7 13. O-O-O) 12... dxe5 13. dxe5) 9... Nxe4 ({RR
} 9... O-O 10. O-O Nd5 ({RR} 10... Nc6 11. Qb3 a5 12. a3 a4 13. Qc2 Kh8) 11.
exd5 Qe3+ 12. Kh1 Qxd3 13. Rc1 Na6) 10. Nxe4 d5 11. O-O dxe4 12. Bxe4 O-O 13.
Qd3 h6 14. Ne5 ({RR} 14. Rae1 Qd6 15. Ne5 ({RR} 15. f5 Nd7) 15... Nd7 ({RR} 
15... Rd8 16. Bh7+ Kf8 17. f5 Qxd4+ 18. Qxd4 Rxd4 19. Ng6+)) ({RR} 14. Bd5 Qd6
15. Bb3 Nc6 16. Bc2 g6) 14... Nd7 15. Nxd7 Bxd7 ({RR} 15... Qxd7 16. f5 Qd6 17.
f6) 16. Bxb7 ({RR} 16. Rae1 Qf6) 16... Rab8 17. Ba6 ({RR} 17. Bf3 Bb5) ({RR} 
17. Be4 Rxb2 ({RR} 17... Bb5 18. Qe3) 18. Qc3 Rfb8 19. Rab1) 17... Rxb2 18. Qc3
({RR} 18. Rfb1 Rb6) 18... Rfb8 19. Rfc1 ({RR} 19. Rae1 Qf6 20. Bc4 c5) 19...
Qe4 20. Bf1 Qxf4 21. Qxc7 Qxd4+ 22. Kh1 Be6 23. Rd1 {Charbonneau,P (2405)
-Christiansen,L (2578) Richmond 2002 CBM 090 [Bangiev,A] 0-1 (32)}) ({RR} 8...
O-O 9. Bd3 h6 ({RR} 9... c5 10. d5 Qe7 11. Qe2 Re8 12. O-O Nxd5 13. exd5 Qxe2
14. Bxe2 Rxe2 15. Rae1) 10. O-O Nc6 11. a3 a5 12. Rc1 Bd7 13. Bb1) ({RR} 8...
Qe7 9. Qe2 a5 10. e5 Nd5 11. Qe4 c6 12. Bd3 Nb4 13. O-O d5 14. Qe3 Nxd3 15.
Qxd3 g6 16. Rae1 Na6 17. a3 Nc7 18. Qe3 O-O 19. Qf2 b6 20. Nh4 Ba6 21. f5 Qg5
22. Re3 Bxf1 23. Nxf1 {Mi,T (1707)-Pan,T (1864) Changsha CHN 2019 0-1 (40)}) 9.
Bb5 Bd7 10. O-O O-O 11. a3 $146 ({RR} 11. Re1 d5 12. e5 Ng4 13. Rc1 Ncxe5 14.
Bxd7 Nxd7 15. Qb3 Nb6 16. Ne5 Nxe5 17. fxe5 Qd7 18. Qg3 c6 19. Rf1 Rae8 20. b3
Re6 21. Rf4 Rg6 22. Qf3 Na8 23. Rf1 Nc7 24. Qd3 Ne6 25. Rf5 Rg4 {Martinak,
T-Koudela,J Valtice 1991 0-1 (31)}) 11... d5 12. e5 Ne4 13. Bd3 Bf5 14. Qc2
Nxd2 15. Qxd2 Bxd3 16. Qxd3 f6 17. Rae1 Ne7 18. Rf2 Qd7 19. Rfe2 fxe5 20. fxe5
Qf5 21. Qb3 b6 22. Qc2 Qxc2 23. Rxc2 Rac8 24. Rec1 c6 25. b4 Ra8 26. Rb2 b5 27.
h3 a5 28. Rc3 axb4 29. axb4 Ra1+ 30. Kh2 Rfa8 31. g4 R8a2 32. Rcc2 Rxb2 33.
Rxb2 h6 34. Kg3 Kf7 35. h4 Ke6 36. Nd2 Ra3+ 37. Rb3 Ra2 38. Rd3 Ra4 39. Rb3 Ra2
40. Nf3 Ra4 41. Ne1 h5 42. Nd3 Ra1 43. Nf4+ Kf7 44. Nxh5 Rg1+ 45. Kf4 Rd1 46.
Ke3 Rh1 47. Kf4 Rd1 48. Rf3 Kg8 49. Ke3 Rb1 50. Nf4 Rxb4 51. Nd3 Rc4 52. e6 Ra4
53. h5 Ra7 54. Kf4 Nc8 55. Ke5 Rb7 56. Nc5 Re7 57. Ra3 Kh7 58. Ra8 Nb6 59. Ra6
Nc4+ 60. Kf4 Rc7 61. g5 Kg8 62. Ra8+ Kh7 1-0

[Event "Floripa Chess Open 2024"]
[Site "Florianopolis"]
[Date "2024.01.23"]
[Round "5.122"]
[White "Carvalho, Eduardo Meireles"]
[Black "Cezar, Ricardo De Almeida"]
[Result "0-1"]
[WhiteElo "1476"]
[BlackElo "1809"]
[PlyCount "72"]
[EventDate "2024.01.20"]
[EventRounds "10"]
[EventCountry "BRA"]

1. e4 c6 2. d4 d5 3. e5 Bf5 4. Bd3 Bxd3 5. Qxd3 e6 6. Nf3 Qa5+ 7. Bd2 Qa6 8.
O-O ({RR} 8. b4 Qxd3 9. cxd3 Nd7 10. O-O f6 11. a3 Ne7 12. exf6 gxf6 13. Nc3
Nf5 14. Rfb1 Bd6 15. Na4 b6 16. Nc3 Kf7 17. Ne2 Rac8 18. a4 h5 19. h4 e5 20. g3
exd4 21. Nexd4 Nxd4 22. Nxd4 Be5 {Oberhofer,A (2302)-Dautov,R (2607) Germany
2017 0-1 (52)}) 8... Qxd3 9. cxd3 Ne7 10. Bb4 $146 ({RR} 10. Nh4 Ng6 11. g3
Nxh4 12. gxh4 h6 13. f4 Be7 14. Be1 Na6 15. a3 Nc7 16. a4 Na6 17. Rf3 Nb4 18.
Na3 Na6 19. Nc2 g6 20. b4 Nc7 21. Rb1 Kd7 22. Ne3 h5 23. Ng2 b6 24. Bd2 Rhc8 {
Kopp,W-Koch,H (2065) Waldfischbach 1995 1/2-1/2 (44)}) ({RR} 10. Nc3 h5 11. b4
Nd7 12. b5 c5 13. dxc5 Nxc5 14. d4 Nd7 15. Rac1 Nb6 16. a4 Nf5 17. Bf4 Ba3 18.
Rc2 Rc8 19. Ra1 Bb4 20. Rac1 Kd7 21. Na2 Ba5 22. Ng5 Rxc2 23. Rxc2 Nxd4 24. Rc1
Ne2+ {Kornyukov,A (2452)-Weetik,V (2423) chess.com INT 2023 0-1}) ({RR} 10. Nc3
h5 11. b4 Nf5 12. Rfb1 Nd7 13. a4 b6 14. b5 c5 15. dxc5 Bxc5 16. Ne2 d4 17. Bb4
f6 18. exf6 gxf6 19. Bxc5 bxc5 20. g3 e5 21. a5 Ke7 22. Nd2 Nd6 23. Nc4 Rhb8
24. Kg2 Nxb5 {Kohlmann,C (1719)-Potthammel,J (2107) Bad Zwischenahn 2003 0-1  
(39)}) 10... Nd7 11. Nc3 g6 12. Ne2 h5 13. h4 a5 14. Bd6 Bh6 15. g3 Nf5 16. b4
Nxd6 17. exd6 Bf8 18. bxa5 Rxa5 19. Rab1 Ra7 20. Ne5 Bxd6 21. f4 Bxe5 22. fxe5
Rxa2 23. Ra1 Rxa1 24. Rxa1 Ke7 25. Ra7 Rb8 26. Kf2 Nb6 27. Nc3 Kd7 28. Na4 Nxa4
29. Rxa4 Kc7 30. Ke2 Rc8 31. Kd2 Kb8 32. Kc3 b5 33. Ra5 Kb7 34. Kb3 Ra8 35. Kb4
Rxa5 36. Kxa5 Kc8 0-1

[Event "Floripa Chess Open 2024"]
[Site "Florianopolis"]
[Date "2024.01.23"]
[Round "5.123"]
[White "Toffoli, Vanessa"]
[Black "Godinho, Bruno Cesar Ferreir"]
[Result "1-0"]
[WhiteElo "1466"]
[BlackElo "1802"]
[PlyCount "133"]
[EventDate "2024.01.20"]
[EventRounds "10"]
[EventCountry "BRA"]

1. e4 c5 2. Nf3 e6 3. d3 Nc6 4. g3 d6 5. Bg2 Nf6 6. O-O e5 ({RR} 6... g6 7. Re1
Bg7 8. c3 e5 9. a4 O-O 10. Na3 h6 11. Nc4 Be6 12. h3 Qd7 13. Kh2 Qc7 14. Ne3
Rad8 15. c4 Ne7 16. a5 Nd7 17. Nd5 Bxd5 18. cxd5 f5 19. Nd2 f4 20. Nc4 Nf6 21.
Bd2 {Malakhov,V (2713)-Halkias,S (2585) Doha 2016 1-0 (70)}) 7. c3 ({RR} 7. c4
Be7 8. h3 O-O 9. Nc3 a6 10. Be3 Rb8 11. Nh4 b5 12. b3 Nd4 13. f4 Qa5 14. Qd2
Qxc3 15. Qxc3 Ne2+ 16. Kf2 Nxc3 17. Rfc1 b4 18. f5 Ne8 19. a4 Bxh4 20. gxh4 g6
21. Bh6 Ng7 {Tari,A (2629)-Richter,N (2409) chess.com INT 2023 0-1 (37)}) 7...
Rb8 $146 ({RR} 7... Bg4 8. h3 Bh5 9. Nbd2 Be7 10. Nc4 h6 11. Ne3 g5 12. Nf5 Bg6
13. Ne3 Qd7 14. Qa4 a6 15. Qd1 Bd8 16. Nh2 h5 17. f4 gxf4 18. gxf4 exf4 19.
Rxf4 Be7 20. Qf1 Nh7 21. Nd5 Rb8 22. Be3 {Sierra,E (2142)-Palacio Padilla,P  
(1948) Bogota 2012 1-0 (41)}) 8. Qe2 b5 9. Nbd2 a5 10. Rd1 a4 11. Nf1 b4 12. d4
bxc3 13. bxc3 Qa5 14. dxe5 dxe5 15. Qc2 Be7 16. Ne3 Be6 17. Nd5 Bg4 18. Bg5
Bxf3 19. Bxf3 h6 20. Bxf6 gxf6 21. Bg4 Kf8 22. Nxe7 Nxe7 23. Rd7 a3 24. Rb1 Rd8
25. Qd3 Kg7 26. Rb5 Qa8 27. Qd6 Rxd7 28. Bxd7 Nc8 29. Qxc5 Rd8 30. Bc6 Qa4 31.
Rb1 Qc2 32. Ra1 Qb2 33. Re1 Qxa2 34. Bd5 Qd2 35. Ra1 Qb2 36. Qxa3 Qe2 37. Qa5
Rf8 38. Qc7 Qb2 39. Rf1 Nb6 40. c4 Na4 41. Qd7 Nc5 42. Qg4+ Kh7 43. Qf5+ Kg7
44. Qg4+ Kh7 45. h4 Nd3 46. h5 Kh8 47. Qf3 Nc1 48. Qxf6+ Kh7 49. Bxf7 Ne2+ 50.
Kg2 Qd2 51. Bg6+ Kg8 52. Qe7 Rf4 53. Qh7+ Kf8 54. gxf4 Qxf4 55. Qh8+ Ke7 56.
Qe8+ Kd6 57. Qd8+ Kc5 58. Qd5+ Kb4 59. Rb1+ Kc3 60. Qa5+ Kd4 61. Rd1+ Kxc4 62.
Qd5+ Kb4 63. Qd2+ Qxd2 64. Rxd2 Nf4+ 65. Kf3 Kc3 66. Rd6 Nh3 67. Rd5 1-0

[Event "Floripa Chess Open 2024"]
[Site "Florianopolis"]
[Date "2024.01.23"]
[Round "5.124"]
[White "Cavalcante, Rodrigo Moreira"]
[Black "Borgonovo, Fabiano"]
[Result "0-1"]
[WhiteElo "1801"]
[BlackElo "1466"]
[PlyCount "74"]
[EventDate "2024.01.20"]
[EventRounds "10"]
[EventCountry "BRA"]

1. c4 {Ftacnik,L} c5 2. Nc3 Nf6 3. Nf3 d5 4. cxd5 Nxd5 5. g3 Nc7 ({RR} 5...
Nxc3 6. bxc3 b6 7. Bg2 ({RR} 7. c4 Bb7 8. Bb2 Bxf3 9. exf3 Nc6) 7... Bb7 8. c4
e5 9. Bb2 Bd6 ({RR} 9... e4 10. Nh4) 10. O-O Qc7 11. Nh4 ({RR} 11. d3 O-O 12.
e4) 11... Bxg2 12. Nxg2 Nc6 13. e4 O-O 14. Ne3 Qd7 ({RR} 14... Ne7 15. Qg4 ({RR
} 15. f4 exf4 16. Qg4 Be5 17. Bxe5 Qxe5 18. Qxf4 Qd4) 15... Rad8 16. f4) 15.
Bc3 Rfe8 ({RR} 15... g6) 16. a4 ({RR} 16. d3 Rad8 17. f4 exf4 18. gxf4 Bf8 19.
Nd5 Ne7) 16... a5 17. h4 ({RR} 17. d3 Nb4 18. f4 exf4 19. gxf4 Bf8 20. Nd5 Nxd5
21. cxd5 c4) 17... Nb4 18. Qf3 Rad8 19. Kg2 ({RR} 19. h5 Re6 20. Ng4 Qe7) 19...
Qe6 20. h5 {Agdestein,S (2610)-Ivanchuk,V (2705) Tilburg 1993 CBM 039 [Ftacnik,
L] 1-0 (31)}) 6. Bg2 ({RR} 6. d4 cxd4 7. Qxd4 Bd7 8. Ne5 Nc6 9. Qxd7+ Qxd7 10.
Nxd7 Kxd7 11. Bf4 e5 12. O-O-O+ Ke6 13. Be3 Bb4 14. Bg2 Rhd8 15. Ne4 Na6 16. a3
Bf8 17. Kb1 h6 18. b4 Nc7 19. Nc5+ Bxc5 20. Bxc5 a5 {Mekhitarian,K (2537)
-Solon,N (2306) chess.com INT 2023 1-0}) 6... f6 $146 ({RR} 6... Nd7 7. O-O e5
8. b3 Rb8 9. Bb2 b6 10. a3 a6 11. e3 Be7 12. d4 exd4 13. exd4 cxd4 14. Nxd4 Ne5
15. f4 Ng4 16. Re1 O-O 17. b4 Bb7 18. Bxb7 Rxb7 19. Nc6 Bc5+ 20. bxc5 Qf6 21.
Ne7+ {Hoffmann,W-Beirit,A Werther 1997 1-0}) ({RR} 6... g6 7. d3 Bg7 8. Be3 Ne6
9. O-O Bd7 10. d4 cxd4 11. Nxd4 Nc6 12. Nxc6 Bxc6 13. Bxc6+ bxc6 14. Qa4 Qc7
15. Rac1 Qb7 16. b3 O-O 17. Ne4 Qb5 18. Rc4 Rfd8 19. Rfc1 Qh5 20. Re1 Rd5 21.
Qxc6 {Robledo,N (2321)-Molchanov,E Buenos Aires 2000 1-0 (37)}) 7. O-O e5 8. d3
Nd7 9. Be3 Rb8 10. a4 a5 11. Qb3 b6 12. Nd2 f5 13. f4 Nf6 14. fxe5 Be6 15. Nc4
Nfd5 16. Bd2 Nb4 17. Be3 Be7 18. Rad1 O-O 19. h3 Bg5 20. Bf2 f4 21. Kh2 fxg3+
22. Bxg3 h5 23. Rxf8+ Kxf8 24. Rf1+ Kg8 25. Ne4 h4 26. Be1 Nbd5 27. Nxg5 Qxg5
28. Qc2 Nf4 29. e3 Nxg2 30. Qxg2 Qxg2+ 31. Kxg2 Nd5 32. Bxh4 b5 33. axb5 Rxb5
34. Rf2 Rb4 35. Bg5 a4 36. Rc2 Rb3 37. Rc3 Nxc3 0-1

[Event "Floripa Chess Open 2024"]
[Site "Florianopolis"]
[Date "2024.01.23"]
[Round "5.125"]
[White "Bieging, Luca Jurgen"]
[Black "Zabala, Antonio Murara"]
[Result "0-1"]
[WhiteElo "1436"]
[BlackElo "1797"]
[PlyCount "46"]
[EventDate "2024.01.20"]
[EventRounds "10"]
[EventCountry "BRA"]

1. e4 c5 2. Nf3 d6 3. d4 cxd4 4. Nxd4 Nf6 5. Nc3 a6 6. f3 e5 7. Nb3 Be6 8. Bg5
Nbd7 9. Qd2 Be7 10. O-O-O b5 11. a3 O-O 12. g4 Rc8 13. Kb1 Qc7 14. h4 Rfd8 ({RR
} 14... Nb6 15. Bxf6 Bxf6 16. g5 Be7 17. Nd5 Nxd5 18. exd5 Bf5 19. Bd3 Bxd3 20.
Qxd3 a5 21. Qxb5 Qxc2+ 22. Ka2 Rb8 23. Qa4 f6 24. Rc1 Qe2 25. f4 fxg5 26. Rhe1
Qg2 27. Qxa5 Rxb3 28. Kxb3 Rb8+ 29. Kc4 {Macak,S (2363)-Asis Gargatagli,H  
(2514) Barcelona ESP 2022 0-1 (32)}) 15. Bxf6 $146 ({RR} 15. Rh2 Nb6 16. Bxf6
Bxf6 17. g5 Be7 18. Nd5 Bxd5 19. exd5 Nc4 20. Qe1 Qb6 21. Bxc4 bxc4 22. Na5 Rc5
23. Nc6 Rd7 24. f4 Rb7 25. c3 Rb5 26. Rdd2 Bf8 27. Qe4 Qg1+ 28. Ka2 Qc5 29. f5
Qb6 {Straat,R (1885)-Langedijk,E (1877) Soest 2001 1-0 (33)}) 15... Nxf6 16. h5
d5 17. exd5 Nxd5 18. Nxd5 Bxd5 19. Qf2 Bxb3 20. Rxd8+ Rxd8 21. cxb3 Rd1+ 22.
Ka2 Qc1 23. b4 Rd2 0-1

[Event "Floripa Chess Open 2024"]
[Site "Florianopolis"]
[Date "2024.01.23"]
[Round "5.126"]
[White "Silva, Gabryel Lunardi Car"]
[Black "Jurado, Laura Alves"]
[Result "1-0"]
[WhiteElo "1790"]
[BlackElo "1419"]
[PlyCount "55"]
[EventDate "2024.01.20"]
[EventRounds "10"]
[EventCountry "BRA"]

1. e4 {Blatny,P} c6 2. d4 d5 3. f3 g6 4. Nc3 Bg7 5. Be3 Qb6 6. Qd2 Qxb2 7. Rb1
Qa3 8. exd5 cxd5 $146 ({RR} 8... Nf6 9. Rb3 Qa5 10. dxc6 bxc6 11. Bc4 O-O 12.
Nge2 Re8 13. O-O Nbd7 14. Ne4 Qxd2 15. Nxd2 Nb6 16. Bd3 Nbd5 17. Bf2 Nh5 18. g3
a5 19. Nc4 Ba6 20. Ne5 Bxe5 21. dxe5 Bxd3 22. cxd3 Nb4 23. Nc1 {Adamski,
A-Plater,K Warsaw 1964 1/2-1/2 (32)}) ({RR} 8... Nf6 9. dxc6 bxc6 ({RR} 9...
Nxc6 10. d5 Ne5 11. Bd4 Qd6 ({RR} 11... Ned7 12. Nb5 Qxa2 13. Ra1) 12. Nb5 Qb8
13. Qa5 b6 14. Bxb6 axb6 15. Qxa8 Qxa8 16. Nc7+ Kd8 17. Nxa8 Nxd5 18. Rd1) 10.
Bd3 ({RR} 10. Bc4 O-O 11. Nge2 Nbd7 12. Bb3 Ba6 13. O-O e5 ({RR} 13... c5 {RR}
14. Rfe1 Rac8 15. d5 Nb6 16. Ba4 Bc4 17. Bb3 ({RR} 17. Bc6 e6) 17... Bxe2 18.
Qxe2 c4 19. Nb5 Qa6 20. Nxa7 Rc7 21. Ba4 Nxa4) 14. Rfd1 Rfe8 15. d5 cxd5 16.
Nxd5) ({RR} 10. Nge2 Qa5 11. Nc1 Nbd7 12. Nb3 Qd8 13. Bh6 O-O 14. Bxg7 Kxg7 15.
Be2 Qc7 16. O-O Nb6 17. Ne4) 10... Nbd7 11. Nge2 O-O 12. O-O Ba6 13. Rb3 Qa5
14. Bxa6 ({RR} 14. Nd5 Qxd2 15. Nxe7+ ({RR} 15. Bxd2 Bxd3 16. Nxf6+ Bxf6 17.
Rxd3 c5) 15... Kh8 16. Bxd2 Bxd3 17. Rxd3 Rfe8 18. Re3 ({RR} 18. Bb4 Bf8 ({RR} 
18... c5 19. dxc5 Rxe7 20. c6 Rxe2 21. cxd7 Rd8 22. Rfd1 Re5 23. Bd6) 19. Re3
c5) 18... Bh6 19. f4 ({RR} 19. Nxg6+ hxg6 20. Rxe8+ Rxe8 21. Bxh6 Rxe2) 19...
Ng4 20. Re4 Ndf6) 14... Qxa6 15. Re1 Rfe8 16. Qc1 Nb6 17. Bf2 Nfd5 18. Ne4 ({RR
} 18. Nxd5 cxd5) 18... Nc4 19. Qb1 e5 ({RR} 19... f5 20. Nc5 Qa5 ({RR} 20...
Qc8 21. Rd1) 21. Rd1 Nd2 22. Be1 Bh6 ({RR} 22... Nxb1 23. Bxa5) 23. Bxd2 Bxd2
24. Nb7) 20. dxe5 Bxe5 21. c3 Ncb6 22. Nd4 Qc8 ({RR} 22... Rac8 23. Nc5) 23.
Qc2 {Adams,M (2685)-Leko,P (2630) Tilburg 1996 CBM 056 [Blatny,P] 1/2-1/2 (49)}
) ({RR} 8... Nf6 9. dxc6 bxc6 10. Bc4 Nbd7 11. Nge2 Nb6 12. Bb3 Ba6 13. Qc1
Qxc1+ 14. Rxc1 Nfd5 15. Bf2 Nxc3 16. Nxc3 c5 17. Nd5 Rc8 18. c4 cxd4 19. O-O
Nxd5 20. cxd5 O-O 21. Rfe1 Rxc1 22. Rxc1 Rc8 23. Rxc8+ {Taspinar,Y (2262)
-Teclaf,P (2568) Vrnjacka Banja SRB 2023 0-1 (41)}) ({RR} 8... Nf6 9. dxc6 bxc6
10. Bc4 Nbd7 11. Nge2 Nb6 12. Bd3 O-O 13. Qc1 Qa5 14. O-O Rd8 15. Bd2 Nbd5 16.
Ne4 Qc7 17. c4 Nxe4 18. fxe4 Nb6 19. Be3 c5 20. d5 Nd7 21. Nc3 Ne5 22. Be2 Bg4
23. Nb5 {Cau,B (2133)-Purenne,B (2311) Avoine 2015 1-0 (40)}) 9. Nxd5 ({RR} 9.
Nb5 Qxa2 10. Rb3) 9... Qxa2 10. Rb3 Kd8 11. Nc3 Qa5 12. Rb5 Qa1+ 13. Kf2 Nc6
14. Bc4 a6 15. Rb1 Qa5 16. Bxf7 Nf6 17. d5 Ng4+ 18. fxg4 Bxc3 19. Qd1 Nb4 20.
Be6 Rf8+ 21. Nf3 Ke8 22. Rb3 Bxe6 23. dxe6 Rd8 24. Qe2 Nd5 25. Rd1 Nxe3 26.
Rxd8+ Qxd8 27. Kxe3 Qa5 28. Qc4 1-0

[Event "Floripa Chess Open 2024"]
[Site "Florianopolis"]
[Date "2024.01.23"]
[Round "5.127"]
[White "Pavao, Fabio Biasi"]
[Black "Cabral, Vivian De Paiva"]
[Result "1-0"]
[WhiteElo "1783"]
[BlackElo "1358"]
[PlyCount "97"]
[EventDate "2024.01.20"]
[EventRounds "10"]
[EventCountry "BRA"]

1. c4 c5 2. g3 e6 3. Nf3 Nf6 4. Bg2 Nc6 5. Nc3 Be7 6. O-O O-O 7. d4 cxd4 8.
Nxd4 a6 9. b3 Re8 ({RR} 9... d5 10. cxd5 exd5 11. Bb2 Be6 12. Rc1 Rc8 13. Na4
Nxd4 14. Qxd4 Qa5 15. Qb6 Rxc1 16. Qxa5 {1-0 (16) Tomashevsky,E (2646)-Mamedov,
R (2586) Khanty-Mansiysk 2007}) ({RR} 9... d5 10. cxd5 Nxd5 11. Nxd5 exd5 12.
Nxc6 bxc6 13. Be3 Bf5 14. Rc1 Rc8 15. Bc5 Re8 16. e3 Qa5 17. Bxe7 Rxe7 18. g4
Be4 19. h3 Qb4 20. Qd4 Qxd4 21. exd4 Bxg2 22. Kxg2 f5 23. Rfe1 Rxe1 24. Rxe1 {
Mariani,D (2040)-Ribeiro Carrico,V (1746) Florianopolis BRA 2024 1-0 (46)}) 10.
e4 $146 ({RR} 10. Bb2 d5 11. cxd5 exd5 12. Rc1 Be6 13. Nxc6 bxc6 14. Na4 Rc8
15. Qd3 Qa5 16. Bxf6 Bxf6 17. Rc5 Qb4 {1/2-1/2 (17) Dlhy,J (2075)-Pericka,T  
(1966) Slovakia 2010}) ({RR} 10. Nc2 Bf8 11. e4 d6 12. Bb2 g6 13. Qd2 e5 14. h3
Nh5 15. Nd5 Ng7 16. f4 f5 17. Rae1 Bd7 18. Qf2 Re6 19. Nb6 Rb8 20. Nxd7 Qxd7
21. exf5 gxf5 22. Bd5 e4 23. Nd4 Nxd4 24. Qxd4 Rbe8 {Ciaffone,R (2102)-Chen,P 
(1872) Lansing 2010 1-0 (50)}) 10... Qc7 11. Bb2 b6 12. e5 Bb7 13. exf6 Bxf6
14. Nxc6 Bxc6 15. Na4 Bxg2 16. Kxg2 Bxb2 17. Nxb2 b5 18. Qf3 bxc4 19. Nxc4 d5
20. Ne3 Rad8 21. Rfc1 Qb7 22. Rc5 Rd7 23. Rac1 Red8 24. Ng4 f6 25. Qe3 e5 26.
f3 Re7 27. Nf2 f5 28. Rc6 g6 29. Qb6 Qd7 30. Rc7 Qe8 31. Rxe7 Qxe7 32. Rc7 Qe8
33. Qf6 Rd7 34. Rxd7 Qxd7 35. Qxe5 Qc6 36. Qd4 Kf7 37. Nd3 Ke6 38. Qe3+ Kf6 39.
Nc5 Kf7 40. Qd4 Qd6 41. b4 g5 42. a4 Kg6 43. f4 g4 44. Qe5 Qc6 45. Qe6+ Qxe6
46. Nxe6 Kf6 47. Nd4 h6 48. Kf2 h5 49. b5 1-0

[Event "Floripa Chess Open 2024"]
[Site "Florianopolis"]
[Date "2024.01.23"]
[Round "5.128"]
[White "Calcada, Lucas Galvan"]
[Black "Blaszkosky, Vinicius"]
[Result "1-0"]
[WhiteElo "1770"]
[BlackElo "1314"]
[PlyCount "45"]
[EventDate "2024.01.20"]
[EventRounds "10"]
[EventCountry "BRA"]

1. Nf3 Nf6 2. c4 g6 3. b4 Bg7 4. Bb2 O-O 5. g3 d5 6. cxd5 Qxd5 ({RR} 6... Nxd5
7. Bxg7 Kxg7 8. Qb3 Qd6 9. a3 e5 10. Qb2 f6 11. d3 b5 12. Nbd2 a5 13. bxa5 Rxa5
14. Bg2 c5 15. O-O Be6 16. Ne4 Qb6 17. Nxe5 fxe5 18. Qxe5+ Nf6 19. Nxc5 Re8 20.
Nxe6+ Rxe6 21. Qb2 {Cruz,C (2549)-Forcen Esteban,D (2511) Zaragoza 2013 1/2-1/
2 (35)}) 7. Nc3 Qd6 8. a3 Rd8 $146 ({RR} 8... a5 9. bxa5 Nc6 10. Bg2 Nxa5 11.
d3 Nd5 12. Ne4 Qb6 13. Bxg7 Kxg7 14. O-O Bf5 15. Rb1 Qa6 16. Qa4 Nc6 17. Qxa6
Rxa6 18. Nc5 Rxa3 19. e4 Nc3 20. exf5 Nxb1 21. Rxb1 b6 22. Nd7 Rd8 23. Rc1 {
Domalchuk-Jonasson,A (2362)-Daurimbetov,A (2067) chess.com INT 2024 0-1 (89)})
9. Bg2 Nc6 10. O-O Bg4 11. d3 Rab8 12. Rc1 Bf5 13. Nd2 Nd4 14. Re1 Ne6 15. Qa4
c5 16. e4 Qxd3 17. exf5 Qxd2 18. fxe6 Qxb2 19. exf7+ Kxf7 20. Rc2 Qxc2 21. Qxc2
cxb4 22. Qb3+ Kf8 23. Qxb4 1-0